000
00295nam a22001337a 4500
008
181025b xxu||||| |||| 00| 0 eng d
020
_a
9780198747932
041
_a
eng
080
_a
321
100
_a
22
101
_a
POL
245
_a
Governance By Indicators
_c
Davis.K.E
942
_2
udc
_c
BK
999
_c
50930
_d
50930